000 00873nam a22002417a 4500
005 20100821143413.0
010 _aENG-101242
020 _a9789380388007
_c1195.00
035 _aEN-84775
037 _bDBAD/PUB
082 _a323.44
100 _aKhare, P.S.
245 _aHuman freedom in the modern world /
_cby P. S. Khare
260 _aNew Delhi
_bDPS Publishing House
_c2010
270 _aRoom No.213, 7/28, Mahavir Street, Ansari Road, Darya Ganj
_bNew Delhi
_e110002
300 _a442p.
_c22cm (Hb)
500 _aincludes bibliographical references and index
650 _aCivil Rights
_917019
650 _aHistory, Modern
_917020
650 _aLiberty
_917021
942 _2ddc
_cEN
_h323.44
_mKHA
999 _c42905
_d42905